[Event "Sparkassen-Open A"]
[Site "Heusenstamm, Martinsee"]
[Date "2023.11.25"]
[Round "5.43"]
[White "Euler, Gerd"]
[Black "Valean, David-Andrei"]
[Result "1-0"]
[WhiteElo "2236"]
[BlackElo "1572"]
[PlyCount "100"]
[EventDate "2023.??.??"]
[WhiteTeam "SSG Hungen-Lich"]
[BlackTeam "SK 1933 Bad Neustadt"]

1. Nf3 Nf6 2. d4 d5 3. c4 c6 4. Nc3 e6 5. e3 Bd6 6. Qc2 Nbd7 7. g4 b6 8. g5 Nh5 9. Bd2 Qe7 10. O-O-O Bb7 11. Be2 g6 12. Rhg1 Bc7 13. Kb1 O-O-O 14. Rc1 dxc4 15. Bxc4 Kb8 16. Rg4 Ng7 17. Be2 Rc8 18. Qa4 f5 19. gxf6 Nxf6 20. Rgg1 Rhd8 21. e4 Qd7 22. Bg5 Rf8 23. Ne5 Qe8 24. Bh6 Rg8 25. Be3 Bxe5 26. dxe5 Nd7 27. Rgd1 Rf8 28. Qd4 Rf7 29. Qd6+ Ka8 30. Qa3 Kb8 31. Qd6+ Ka8 32. Bh6 Qf8 33. Qxd7 Rxd7 34. Rxd7 Qxf2 35. Bxg7 Qxh2 36. Rf1 Re8 37. Rff7 Bc8 38. Rxa7+ Kb8 39. Bf6 h5 40. Rh7 b5 41. Ra3 Bb7 42. Rb3 Rc8 43. a4 Rc7 44. Rh8+ Rc8 45. Rh6 bxa4 46. Rb4 Qg1+ 47. Ka2 c5 48. Rxa4 Rg8 49. Rh7 Rc8 50. Be7 Rc7 1-0

[Event "Sparkassen-Open A"]
[Site "Heusenstamm, Martinsee"]
[Date "2023.11.25"]
[Round "5.44"]
[White "Hebbering, Tom Elliot"]
[Black "Trumpp, Lothar"]
[Result "1-0"]
[WhiteElo "2232"]
[BlackElo "1885"]
[PlyCount "95"]
[EventDate "2023.??.??"]
[WhiteTeam "SK 1980 Gernsheim"]
[BlackTeam "VSG 1880 Offenbach"]

1. d4 Nf6 2. c4 e6 3. g3 Bb4+ 4. Bd2 Bxd2+ 5. Nxd2 d5 6. Bg2 O-O 7. Ngf3 Nbd7 8. O-O Re8 9. Qc2 c6 10. e4 dxe4 11. Nxe4 Nxe4 12. Qxe4 Qb6 13. Qc2 Nf6 14. c5 Qc7 15. Rfe1 h6 16. Ne5 Rd8 17. Rad1 Bd7 18. h4 Be8 19. Bf3 Qe7 20. Nc4 Rab8 21. Nd6 Qf8 22. Kg2 Rd7 23. Qd2 Rbd8 24. Qf4 Re7 25. g4 Nh7 26. Be4 f6 27. Bc2 Kh8 28. Qg3 g6 29. Re2 Qg7 30. Rde1 Bf7 31. b4 a6 32. Bb3 Nf8 33. f4 Red7 34. a3 Bg8 35. Qe3 g5 36. hxg5 fxg5 37. Rh1 Nh7 38. f5 exf5 39. Nxf5 Qf8 40. Bxg8 Kxg8 41. Qe6+ Kh8 42. Qe5+ Qf6 43. Rxh6 Qxe5 44. dxe5 Rd2 45. Rxd2 Rxd2+ 46. Kf3 Rd1 47. e6 Rf1+ 48. Ke4 1-0

[Event "Sparkassen-Open A"]
[Site "Heusenstamm, Martinsee"]
[Date "2023.11.25"]
[Round "5.45"]
[White "Weyerer, Noah"]
[Black "Hoppstädter, Daniel"]
[Result "0-1"]
[WhiteElo "1747"]
[BlackElo "2186"]
[PlyCount "78"]
[EventDate "2023.??.??"]
[WhiteTeam "SV Oberursel"]
[BlackTeam "Lasker Kirkel"]

1. c4 c6 2. Nc3 d5 3. cxd5 cxd5 4. d4 Nf6 5. Bf4 Nc6 6. e3 a6 7. Bd3 e6 8. Nf3 Bd6 9. Bg3 Bxg3 10. hxg3 Qd6 11. Rc1 b5 12. Qe2 Bb7 13. O-O O-O 14. Bc2 Rac8 15. Ne1 Na5 16. Nd3 Nc4 17. Nc5 Qb6 18. g4 Bc6 19. b3 Nd6 20. f3 Nd7 21. Qd3 g6 22. b4 Nc4 23. Kf2 a5 24. Nxd7 Bxd7 25. Rb1 Na3 26. Rb3 axb4 27. Rxb4 Qa5 28. Rb3 Nxc2 29. Qxc2 b4 30. Rc1 Rxc3 31. Rxc3 bxc3 32. Qxc3 Qxc3 33. Rxc3 Ra8 34. a3 Bb5 35. g5 Bc4 36. Kg3 f6 37. gxf6 Kf7 38. e4 Kxf6 39. exd5 exd5 0-1

[Event "Sparkassen-Open A"]
[Site "Heusenstamm, Martinsee"]
[Date "2023.11.25"]
[Round "5.46"]
[White "Lenhard, Martin"]
[Black "Hinz, André"]
[Result "1/2-1/2"]
[WhiteElo "2060"]
[BlackElo "1690"]
[PlyCount "27"]
[EventDate "2023.??.??"]
[WhiteTeam "SV 1920 Hofheim"]
[BlackTeam "SC Brett vorm Kopp Ffm"]

1. e4 e5 2. Nf3 Nf6 3. d4 Nxe4 4. Nxe5 d5 5. Bd3 Nd7 6. Nxd7 Bxd7 7. O-O Bd6 8. Qf3 O-O 9. Nc3 Nxc3 10. bxc3 c6 11. Bf4 Qc7 12. Bxd6 Qxd6 13. a4 b6 14. Qd1 1/2-1/2

[Event "Sparkassen-Open A"]
[Site "Heusenstamm, Martinsee"]
[Date "2023.11.25"]
[Round "5.47"]
[White "Gajcin, Jasmina"]
[Black "Burkhardt, Holger"]
[Result "0-1"]
[WhiteElo "1857"]
[BlackElo "2034"]
[PlyCount "70"]
[EventDate "2023.??.??"]
[WhiteTeam "Dublin Chess Club"]
[BlackTeam "SK 1858 Gießen"]

1. e4 e5 2. Nf3 Nc6 3. Bc4 Nf6 4. d3 h6 5. c3 d6 6. h3 g5 7. Nh2 Bg7 8. O-O O-O 9. Bb3 d5 10. Qf3 d4 11. Nd2 a5 12. Ba4 Ne7 13. Nc4 Ng6 14. Qe2 c6 15. cxd4 exd4 16. Bc2 b5 17. Nd2 Nf4 18. Qd1 c5 19. a4 bxa4 20. Nc4 N6h5 21. Kh1 f5 22. exf5 Bb7 23. Nf3 Nxh3 24. Nxg5 Bxg2+ 25. Kxg2 N3f4+ 26. Kh1 Qxg5 27. Qf3 Qh4+ 28. Kg1 Rae8 29. Bxf4 Nxf4 30. Rfe1 Kh7 31. Re4 Rxe4 32. Qxe4 Bf6 33. Kf1 Re8 34. Qf3 Qh2 35. Nd6 Rg8 0-1

[Event "Sparkassen-Open A"]
[Site "Heusenstamm, Martinsee"]
[Date "2023.11.25"]
[Round "5.48"]
[White "Vranckx, Oscar"]
[Black "McAdam, Mark"]
[Result "1/2-1/2"]
[WhiteElo "1643"]
[BlackElo "2037"]
[PlyCount "45"]
[EventDate "2023.??.??"]
[WhiteTeam "Sfr.Mainz 1928"]
[BlackTeam "SC Brett vorm Kopp Ffm"]

1. e4 c6 2. Nc3 d5 3. Nf3 dxe4 4. Nxe4 Bg4 5. h3 Bxf3 6. Qxf3 Nd7 7. d4 Ngf6 8. c3 e6 9. Bd3 Be7 10. Bf4 O-O 11. O-O-O Nd5 12. Bh2 b5 13. g4 Qb6 14. g5 c5 15. Rhg1 cxd4 16. cxd4 Rfc8+ 17. Kb1 g6 18. Rg4 Nb4 19. Nf6+ Nxf6 20. gxf6 Bd6 21. Be4 Nd5 22. Be5 b4 23. Bxd5 1/2-1/2

[Event "Sparkassen-Open A"]
[Site "Heusenstamm, Martinsee"]
[Date "2023.11.25"]
[Round "5.49"]
[White "Rosenberger, Frank"]
[Black "von Beckh, Frieda"]
[Result "1-0"]
[WhiteElo "2050"]
[BlackElo "1614"]
[PlyCount "117"]
[EventDate "2023.??.??"]
[WhiteTeam "SK 1980 Gernsheim"]
[BlackTeam "SK Bad Homburg 1927"]

1. e4 c5 2. Nf3 Nc6 3. d4 cxd4 4. Nxd4 g6 5. Nc3 Bg7 6. Be3 Nf6 7. Bc4 Qa5 8. O-O O-O 9. Bb3 d6 10. h3 Bd7 11. f4 Nxd4 12. Bxd4 Bc6 13. Qd3 Rac8 14. Qe3 Nd7 15. Bxg7 Kxg7 16. Qd4+ Kg8 17. Kh1 Qc5 18. Qd3 Qh5 19. Bd5 Nf6 20. Rae1 e6 21. Bxc6 Rxc6 22. e5 dxe5 23. fxe5 Ne8 24. Ne4 Qxe5 25. Nf6+ Qxf6 26. Rxf6 Nxf6 27. c4 Rfc8 28. b3 Ne8 29. Rf1 b6 30. Qd7 R6c7 31. Qd4 Ng7 32. g4 h5 33. Kg2 Re8 34. Re1 Rce7 35. Re5 f6 36. Re1 e5 37. Qd5+ Kh7 38. Qc6 Re6 39. Qd5 e4 40. Re3 f5 41. Kg3 g5 42. gxf5 Re5 43. Qf7 Rxf5 44. Qxa7 Rfe5 45. Qxb6 Nf5+ 46. Kf2 Nxe3 47. Kxe3 g4 48. hxg4 hxg4 49. Qf6 g3 50. Qh4+ Kg6 51. Qxg3+ Rg5 52. Qd6+ Kh5 53. c5 Rf5 54. c6 Rf3+ 55. Ke2 Rc3 56. Qd7 Re5 57. b4 Rc2+ 58. Kd1 e3 59. Qh7+ 1-0

[Event "Sparkassen-Open A"]
[Site "Heusenstamm, Martinsee"]
[Date "2023.11.25"]
[Round "5.50"]
[White "Wilke, Jörg"]
[Black "Schmidbauer, Frank"]
[Result "1/2-1/2"]
[WhiteElo "1853"]
[BlackElo "2042"]
[PlyCount "43"]
[EventDate "2023.??.??"]
[WhiteTeam "SC Matt im Park Ffm"]
[BlackTeam "SV Wollishofen Zürich"]

1. d4 d6 2. c4 f5 3. Nc3 Nf6 4. g3 g6 5. Bg2 Bg7 6. h4 O-O 7. Bg5 Nc6 8. Bxf6 Bxf6 9. e3 e5 10. Nge2 Re8 11. d5 Ne7 12. e4 Bg7 13. Qd3 Rf8 14. h5 a6 15. hxg6 hxg6 16. O-O-O Bd7 17. exf5 gxf5 18. f3 Qe8 19. g4 Qg6 20. Bh3 fxg4 21. Qxg6 Nxg6 22. Bxg4 1/2-1/2

[Event "Sparkassen-Open A"]
[Site "Heusenstamm, Martinsee"]
[Date "2023.11.25"]
[Round "5.51"]
[White "Li, Yunqi"]
[Black "Harringer, Manfred"]
[Result "1/2-1/2"]
[WhiteElo "1576"]
[BlackElo "2031"]
[PlyCount "133"]
[EventDate "2023.??.??"]
[WhiteTeam "SF 59 Kornwestheim"]
[BlackTeam "Bergische SF 1923 Ber"]

1. d4 Nf6 2. Nf3 e6 3. Bg5 d5 4. e3 c6 5. Nbd2 Nbd7 6. c3 Be7 7. Bd3 O-O 8. Ne5 c5 9. O-O Nxe5 10. dxe5 Nd7 11. Bf4 Re8 12. Nf3 Nf8 13. Qe2 Bd7 14. Bg3 Bc6 15. Nd2 Qb6 16. b3 Qa5 17. c4 Red8 18. Rfd1 f5 19. f4 d4 20. e4 g6 21. exf5 exf5 22. Nf1 Ne6 23. Be1 Qc7 24. Bd2 b6 25. g4 Ng7 26. Ng3 fxg4 27. Qxg4 Bd7 28. Qe2 Rf8 29. Rf1 Bf5 30. Nxf5 Nxf5 31. Be4 Rae8 32. Bd5+ Kh8 33. Qg4 Qc8 34. Rae1 Ng7 35. Qg2 Rd8 36. Kh1 Qf5 37. Be4 Qe6 38. Bd5 Qd7 39. Rf3 Nf5 40. Rh3 Kg7 41. Rg1 Qe8 42. Qg4 Rc8 43. Rg2 Bd8 44. Qh5 h6 45. Qg4 Kh7 46. Be4 Qe6 47. Bd5 Qe8 48. Be4 Qe6 49. Kg1 Rc7 50. Qe2 Rg7 51. Qd3 Rc7 52. Bd5 Qe8 53. Be4 Qe6 54. Be1 Rg7 55. Rf3 Kh8 56. h4 h5 57. Kh1 Qf7 58. Kh2 Qe7 59. Rg5 Qe6 60. Rg1 Qe7 61. Rh3 Qe6 62. Bd5 Qe8 63. Qe4 Qe7 64. a3 Qe8 65. b4 Nh6 66. Bc6 Qe6 67. Bd5 1/2-1/2

[Event "Sparkassen-Open A"]
[Site "Heusenstamm, Martinsee"]
[Date "2023.11.25"]
[Round "5.52"]
[White "Schröder, Jürgen"]
[Black "Fröhlich-Dill, Astrid"]
[Result "1-0"]
[WhiteElo "2009"]
[BlackElo "1796"]
[PlyCount "59"]
[EventDate "2023.??.??"]
[WhiteTeam "SC Matt im Park Ffm"]
[BlackTeam "SV 1920 Hofheim"]

1. e4 e5 2. Bc4 Nf6 3. d3 Bc5 4. Nc3 h6 5. f4 d6 6. Nf3 Bg4 7. fxe5 dxe5 8. Bxf7+ Ke7 9. Bc4 c6 10. Qe2 b5 11. Bb3 Qb6 12. Nd1 a5 13. a4 b4 14. Ne3 Nbd7 15. Nc4 Qc7 16. Be3 Bxe3 17. Qxe3 Bxf3 18. Qxf3 Nc5 19. Qg3 Kd8 20. Qxe5 Qxe5 21. Nxe5 Nxb3 22. cxb3 Kc7 23. Rc1 Ra6 24. Ke2 Re8 25. Nf3 Nd5 26. g3 g5 27. Rhf1 Ne7 28. Nd4 Kd6 29. Rf6+ Ke5 30. Re6+ 1-0

[Event "Sparkassen-Open A"]
[Site "Heusenstamm, Martinsee"]
[Date "2023.11.25"]
[Round "5.53"]
[White "Mayer, Frank"]
[Black "Rödel, Jannis"]
[Result "1/2-1/2"]
[WhiteElo "2006"]
[BlackElo "1773"]
[PlyCount "54"]
[EventDate "2023.??.??"]
[WhiteTeam "Wiesbadener SV 1885"]
[BlackTeam "SVG CAISSA Kassel"]

1. e4 e5 2. Nc3 Nf6 3. d4 exd4 4. Qxd4 Nc6 5. Qd3 Bc5 6. Qg3 Qe7 7. Bg5 Nxe4 8. Bxe7 Nxg3 9. Bxc5 Nxh1 10. Nd5 Kd8 11. g3 d6 12. Be3 Bf5 13. Bd3 Bxd3 14. cxd3 Ne5 15. Ke2 Re8 16. Nf3 Nxf2 17. Bxf2 Ng4+ 18. Kf1 Nxf2 19. Kxf2 Kd7 20. d4 c6 21. Nf4 f6 22. Rd1 d5 23. Rd2 Re7 24. h4 Kd6 25. h5 a5 26. Nh4 Kd7 27. Nf5 Rf7 1/2-1/2

[Event "Sparkassen-Open A"]
[Site "Heusenstamm, Martinsee"]
[Date "2023.11.25"]
[Round "5.54"]
[White "Cors, Heinz-Friedrich"]
[Black "Wuerl, Roland"]
[Result "0-1"]
[WhiteElo "1841"]
[BlackElo "1974"]
[PlyCount "74"]
[EventDate "2023.??.??"]
[WhiteTeam "Schachforum Darmstadt 1994"]
[BlackTeam "SC FK Babenhausen 1994"]

1. c4 e5 2. Nc3 Nf6 3. g3 c6 4. Nf3 e4 5. Nd4 Qb6 6. Nb3 a5 7. d3 a4 8. Be3 Qb4 9. Nd2 a3 10. Qb3 axb2 11. Rb1 Qxb3 12. Nxb3 Bb4 13. Bd2 exd3 14. e3 Bxc3 15. Bxc3 Rxa2 16. Bxd3 d6 17. O-O Nbd7 18. Kg2 Ne5 19. Be2 Be6 20. Nd2 c5 21. Rxb2 Rxb2 22. Bxb2 Bd7 23. Bxe5 dxe5 24. Bf3 Ke7 25. Bxb7 Rb8 26. Rb1 Kd6 27. Be4 Rxb1 28. Bxb1 Be6 29. Bd3 h6 30. f4 exf4 31. gxf4 g5 32. f5 Bd7 33. e4 Ke5 34. Nf3+ Kf4 35. e5 Bc6 36. Be2 Bxf3+ 37. Bxf3 Kxe5 0-1

[Event "Sparkassen-Open A"]
[Site "Heusenstamm, Martinsee"]
[Date "2023.11.25"]
[Round "5.55"]
[White "Steinle, Carsten"]
[Black "Stehning, Ralf"]
[Result "1-0"]
[WhiteElo "1969"]
[BlackElo "1824"]
[PlyCount "90"]
[EventDate "2023.??.??"]
[WhiteTeam "SV Ahlen 1954 e. V."]
[BlackTeam "SF Braunfels"]

1. Nf3 d5 2. e3 Nf6 3. b3 g6 4. Bb2 Bg7 5. c4 c6 6. Be2 Nbd7 7. O-O O-O 8. d3 Re8 9. Nbd2 e5 10. cxd5 cxd5 11. Qc2 b6 12. d4 e4 13. Ne1 Bb7 14. Ba3 Rc8 15. Qb2 Qc7 16. Rd1 h5 17. h3 Bh6 18. Rc1 Qxc1 19. Qxc1 Rxc1 20. Bxc1 Rc8 21. Bb2 Bf8 22. a3 Nb8 23. b4 a6 24. f3 Bh6 25. Kf2 Re8 26. fxe4 Nxe4+ 27. Nxe4 Rxe4 28. Bc1 Nd7 29. Bf3 Re8 30. Ke2 Nf6 31. Nd3 Nd7 32. g4 h4 33. Bd2 Bg7 34. Rc1 Bxd4 35. Rc7 Bxe3 36. Rxb7 Bd4+ 37. Kd1 Nf6 38. Bg5 Ne4 39. Bxh4 Nc3+ 40. Kc2 Rc8 41. Kb3 Ne4 42. Be1 f5 43. Nf4 Bf2 44. Nxd5 Bxe1 45. Bxe4 Re8 1-0

[Event "Sparkassen-Open A"]
[Site "Heusenstamm, Martinsee"]
[Date "2023.11.25"]
[Round "5.56"]
[White "Nickel, Jonas"]
[Black "Tremöhlen, Thomas"]
[Result "1/2-1/2"]
[WhiteElo "1810"]
[BlackElo "1976"]
[PlyCount "30"]
[EventDate "2023.??.??"]
[WhiteTeam "Schachdrachen Büdingen-Wächtersb"]
[BlackTeam "Sportgemeinschaft Kaarst 1912/35"]

1. e4 c5 2. Nf3 Nc6 3. d4 cxd4 4. Nxd4 e5 5. Nb5 d6 6. N1c3 a6 7. Na3 Be7 8. Nd5 Nf6 9. Nxf6+ Bxf6 10. c3 O-O 11. g3 Be6 12. Bg2 Ne7 13. Nc2 d5 14. exd5 Bxd5 15. Bxd5 Qxd5 1/2-1/2

[Event "Sparkassen-Open A"]
[Site "Heusenstamm, Martinsee"]
[Date "2023.11.25"]
[Round "5.57"]
[White "Peter, Laurenz"]
[Black "Benninger, Rudolf"]
[Result "0-1"]
[WhiteElo "1810"]
[BlackElo "1987"]
[PlyCount "80"]
[EventDate "2023.??.??"]
[WhiteTeam "Sportgemeinschaft Kaarst 1912/35"]
[BlackTeam "SC Heusenstamm"]

1. d4 g6 2. c4 Bg7 3. Nc3 c5 4. Nf3 cxd4 5. Nxd4 Nc6 6. e3 Nf6 7. Qc2 O-O 8. g3 d5 9. Nxc6 bxc6 10. Bg2 Ba6 11. c5 Rb8 12. Bd2 e5 13. Bf1 Bxf1 14. Kxf1 d4 15. Na4 Qd5 16. Rg1 d3 17. Qd1 Ne4 18. b4 Qe6 19. a3 Qh3+ 20. Rg2 Ng5 21. f4 exf4 22. exf4 Nf3 23. Qxf3 Bxa1 24. Qxc6 Rfe8 25. Kg1 Qg4 26. h3 Qxh3 27. Nc3 Rbd8 28. Qf6 Qe6 29. Qxe6 Rxe6 30. b5 Bxc3 31. Bxc3 Rd5 32. Bb4 a5 33. Bxa5 Rxc5 34. Rb2 Rc2 35. Rb1 d2 36. Bxd2 Rxd2 37. b6 Re8 38. a4 Ra2 39. Rc1 Kg7 40. Rc4 Re1# 0-1

[Event "Sparkassen-Open A"]
[Site "Heusenstamm, Martinsee"]
[Date "2023.11.25"]
[Round "5.58"]
[White "Thomas, Tobias"]
[Black "Senatov, Boris"]
[Result "1-0"]
[WhiteElo "1923"]
[BlackElo "1822"]
[PlyCount "53"]
[EventDate "2023.??.??"]
[WhiteTeam "SK Langen"]
[BlackTeam "SC Heusenstamm"]

1. e4 c5 2. Nf3 d6 3. Bb5+ Nd7 4. c3 a6 5. Ba4 b5 6. Bc2 Bb7 7. O-O e5 8. d4 Ngf6 9. Qe2 Be7 10. Rd1 Qc7 11. d5 O-O 12. a4 c4 13. Na3 Rfb8 14. axb5 Bc8 15. Qxc4 Qxc4 16. Nxc4 axb5 17. Rxa8 Rxa8 18. Na3 Rb8 19. b4 Ba6 20. Bd2 Rc8 21. Bd3 Nb6 22. Re1 Nc4 23. Nxc4 bxc4 24. Bc2 Bb7 25. Ra1 Ra8 26. Rxa8+ Bxa8 27. Bg5 1-0

[Event "Sparkassen-Open A"]
[Site "Heusenstamm, Martinsee"]
[Date "2023.11.25"]
[Round "5.59"]
[White "Auge, Hendrik"]
[Black "Küpper, Martin"]
[Result "0-1"]
[WhiteElo "1820"]
[BlackElo "1941"]
[PlyCount "80"]
[EventDate "2023.??.??"]
[WhiteTeam "FC Bayern München e.V."]
[BlackTeam "SC Fulda"]

1. e4 g6 2. d4 Bg7 3. Nc3 a6 4. f4 b5 5. a3 d6 6. h3 Bb7 7. Nf3 Nd7 8. Be3 c5 9. Bd3 cxd4 10. Bxd4 Bxd4 11. Nxd4 Qb6 12. Nde2 Ngf6 13. Qd2 Nc5 14. Qe3 O-O 15. O-O Rac8 16. Ng3 Na4 17. Qxb6 Nxb6 18. Nd1 Nfd7 19. Nf2 Rc7 20. h4 Nc5 21. Be2 Nca4 22. b3 Nc5 23. h5 Ne6 24. f5 Nd4 25. Bd3 Rfc8 26. fxg6 hxg6 27. hxg6 fxg6 28. Ng4 Nxc2 29. Ra2 Rc3 30. Rf3 Nd4 31. Re3 Kg7 32. e5 Nd5 33. Ne2 Nxe3 34. Nxc3 Nxg4 35. Ne2 Nxe2+ 36. Bxe2 Rc1+ 37. Bf1 dxe5 38. g3 Ne3 39. Rf2 Rxf1+ 40. Rxf1 Nxf1 0-1

[Event "Sparkassen-Open A"]
[Site "Heusenstamm, Martinsee"]
[Date "2023.11.25"]
[Round "5.60"]
[White "Meyer-Jany, Marcel"]
[Black "Diehm, Alexander"]
[Result "0-1"]
[WhiteElo "1778"]
[BlackElo "1969"]
[PlyCount "100"]
[EventDate "2023.??.??"]
[WhiteTeam "SK Herborn 1946"]
[BlackTeam "SC FK Babenhausen 1994"]

1. d4 f5 2. g3 Nf6 3. Bg2 d5 4. b3 e6 5. Bb2 Bd6 6. Nf3 O-O 7. c4 c6 8. O-O Ne4 9. Ba3 Nd7 10. Bxd6 Nxd6 11. Nbd2 Qf6 12. e3 Ne4 13. Qc2 g5 14. b4 g4 15. Nxe4 fxe4 16. Nh4 Nb6 17. cxd5 exd5 18. Bh1 Bd7 19. Ng2 Qg5 20. Rac1 Nc4 21. Nf4 b5 22. a4 a6 23. Ra1 Rac8 24. Qe2 Rf6 25. Ra2 Rcf8 26. Rfa1 Bc8 27. Bg2 Rh6 28. axb5 cxb5 29. Qf1 Rxf4 30. exf4 Qh5 31. Qe1 Qxh2+ 32. Kf1 Re6 33. Re2 Qh6 34. Qc3 Qf6 35. Rae1 h5 36. Bxe4 dxe4 37. Rxe4 Rxe4 38. Rxe4 Bd7 39. Qe1 Kf7 40. d5 Nd6 41. Re5 Bf5 42. Qe3 Nc4 43. Qa7+ Kg6 44. Re8 Nd2+ 45. Ke2 Nf3 46. Re6 Bxe6 47. dxe6 Qxe6+ 48. Kd3 Qd5+ 49. Kc2 Nd4+ 50. Kc1 Qc4+ 0-1

[Event "Sparkassen-Open A"]
[Site "Heusenstamm, Martinsee"]
[Date "2023.11.25"]
[Round "5.61"]
[White "Merz, Leander"]
[Black "Martin, Reiner"]
[Result "1-0"]
[WhiteElo "1743"]
[BlackElo "1966"]
[PlyCount "38"]
[EventDate "2023.??.??"]
[WhiteTeam "Schachforum Darmstadt 1994"]
[BlackTeam "SC Bad Soden"]

1. e4 c5 2. Nc3 a6 3. d4 cxd4 4. Qxd4 e6 5. Bf4 d6 6. O-O-O Nc6 7. Qd2 e5 8. Be3 Nf6 9. f4 Ng4 10. Nf3 Nxe3 11. Qxe3 Qa5 12. Bc4 Be7 13. a3 b5 14. Bd5 Bb7 15. fxe5 dxe5 16. Bxc6+ Bxc6 17. Nxe5 Bb7 18. Nd5 b4 19. Nc4 Qb5 1-0

[Event "Sparkassen-Open A"]
[Site "Heusenstamm, Martinsee"]
[Date "2023.11.25"]
[Round "5.62"]
[White "Hank, Holger"]
[Black "Dorfner, Jeremias"]
[Result "1/2-1/2"]
[WhiteElo "1951"]
[BlackElo "1712"]
[PlyCount "55"]
[EventDate "2023.??.??"]
[WhiteTeam "Brühler SK 1920 e. V."]
[BlackTeam "TV-Großostheim 1900 e.V."]

1. g3 Nf6 2. Bg2 g6 3. c4 Bg7 4. Nc3 d6 5. e4 O-O 6. Nge2 e5 7. O-O Nc6 8. d3 Ng4 9. f3 Nh6 10. Be3 f5 11. Qd2 Nf7 12. Rab1 g5 13. exf5 Bxf5 14. b4 Nd4 15. f4 gxf4 16. gxf4 Nxe2+ 17. Nxe2 c6 18. Ng3 exf4 19. Rxf4 Bg6 20. Nf5 Be5 21. Rf2 Qc7 22. Rbf1 Rad8 23. d4 Bh8 24. Kh1 Rfe8 25. d5 Be5 26. Nd4 Bxd4 27. Bxd4 Ne5 28. Qc3 1/2-1/2

[Event "Sparkassen-Open A"]
[Site "Heusenstamm, Martinsee"]
[Date "2023.11.25"]
[Round "5.63"]
[White "Sreeramulu, Aarush"]
[Black "Piepenhagen, Eric"]
[Result "1/2-1/2"]
[WhiteElo "1716"]
[BlackElo "1838"]
[PlyCount "80"]
[EventDate "2023.??.??"]
[WhiteTeam "SK Marburg 1931/72"]
[BlackTeam "Niendorfer TSV 1919 SAbt"]

1. d4 d5 2. c4 e6 3. Nc3 Nf6 4. Bg5 Be7 5. e3 O-O 6. Nf3 Re8 7. Bd3 c5 8. cxd5 exd5 9. dxc5 Nc6 10. O-O Be6 11. a3 Bxc5 12. Rc1 Be7 13. b4 h6 14. Bh4 Rc8 15. Na4 Nd7 16. Bxe7 Qxe7 17. Nc5 Nxc5 18. Rxc5 a5 19. Qd2 axb4 20. axb4 Nxb4 21. Rb5 Nxd3 22. Qxd3 Rc7 23. Rfb1 Rec8 24. Qd2 Rc2 25. Qd1 R2c7 26. Nd4 Qa3 27. R5b3 Qa6 28. h3 Bd7 29. Qd2 Qg6 30. Rb6 Bc6 31. Nf3 Re8 32. Nd4 Rd7 33. Rc1 Rd6 34. Qc3 Rc8 35. Qa3 Rf6 36. Qa2 Qe4 37. Qb1 Qh4 38. Qa2 Rg6 39. Nxc6 bxc6 40. Rbxc6 Rgxc6 1/2-1/2

[Event "Sparkassen-Open A"]
[Site "Heusenstamm, Martinsee"]
[Date "2023.11.25"]
[Round "5.64"]
[White "Baladjaev, Emin"]
[Black "Kirchmann, Sascha"]
[Result "1-0"]
[WhiteElo "1927"]
[BlackElo "1710"]
[PlyCount "83"]
[EventDate "2023.??.??"]
[WhiteTeam "SAbt TuS Dotzheim"]
[BlackTeam "SAbt SU Mühlheim"]

1. e4 d5 2. exd5 Qxd5 3. Nf3 Nf6 4. Be2 c6 5. d3 Bf5 6. O-O e6 7. Bf4 Be7 8. h3 O-O 9. Nbd2 Nbd7 10. Bc7 Nb6 11. Re1 Rac8 12. Bh2 Qd8 13. Bf1 Bd6 14. Ne5 Qc7 15. a4 Nfd7 16. Nef3 Bxh2+ 17. Nxh2 Nf6 18. Nhf3 Rcd8 19. Nh4 Bg6 20. Nxg6 hxg6 21. g3 Nbd7 22. Qe2 Rfe8 23. a5 e5 24. Bg2 Kf8 25. Qf3 Nd5 26. Qg4 N7f6 27. Qa4 Ne7 28. Qa3 Kg8 29. Qc5 Ned5 30. Qxa7 Ra8 31. Qc5 Nd7 32. Qa3 Ra6 33. b4 Rea8 34. Qb2 b6 35. Nc4 bxa5 36. bxa5 Rb8 37. Qa3 Nb4 38. Qc3 f6 39. Nb6 Nxb6 40. Qxb4 Nd5 41. Qc5 Ne7 42. Qc4+ 1-0

[Event "Sparkassen-Open A"]
[Site "Heusenstamm, Martinsee"]
[Date "2023.11.25"]
[Round "5.65"]
[White "Ahrends, Norbert"]
[Black "Gräf, Jakob Vincent"]
[Result "1-0"]
[WhiteElo "1924"]
[BlackElo "1691"]
[PlyCount "53"]
[EventDate "2023.??.??"]
[WhiteTeam "SK 1980 Gernsheim"]
[BlackTeam "SV Frankfurt Nord 1926"]

1. d4 d5 2. c4 c6 3. Nc3 Nf6 4. Nf3 e6 5. Bg5 Nbd7 6. e3 Bb4 7. Qc2 Qa5 8. Nd2 O-O 9. Be2 dxc4 10. Bxf6 Nxf6 11. Nxc4 Qg5 12. O-O Bd7 13. Bf3 Rac8 14. a3 Be7 15. Ne5 b6 16. Nxd7 Nxd7 17. Qa4 a5 18. Bxc6 Nf6 19. Bf3 Rfd8 20. Nb5 Nd5 21. Na7 Rc7 22. Nc6 Rdc8 23. Bxd5 Qxd5 24. Nxe7+ Rxe7 25. Rac1 Ree8 26. Rc2 Rxc2 27. Qxe8# 1-0

[Event "Sparkassen-Open A"]
[Site "Heusenstamm, Martinsee"]
[Date "2023.11.25"]
[Round "5.66"]
[White "Rutsatz, Mario"]
[Black "Pradeep, Harshill"]
[Result "1-0"]
[WhiteElo "1922"]
[BlackElo "1538"]
[PlyCount "57"]
[EventDate "2023.??.??"]
[WhiteTeam "SC 1961 König Nied"]
[BlackTeam "SK Bickenbach"]

1. Nf3 Nf6 2. d4 g6 3. c4 Bg7 4. Nc3 O-O 5. h3 d6 6. Bf4 Nbd7 7. e3 b6 8. Be2 Bb7 9. Qc2 Ne8 10. O-O f5 11. Rfd1 h6 12. d5 g5 13. Bg3 c5 14. h4 g4 15. Ne1 h5 16. Nd3 Nc7 17. Nf4 Qe8 18. Bd3 Qf7 19. e4 Ne5 20. exf5 Nxd3 21. Qxd3 Qxf5 22. Qxf5 Rxf5 23. Re1 Bxc3 24. bxc3 Kg7 25. Rxe7+ Rf7 26. Rxc7 Rxc7 27. Ne6+ Kf7 28. Nxc7 Rd8 29. Nb5 1-0

[Event "Sparkassen-Open A"]
[Site "Heusenstamm, Martinsee"]
[Date "2023.11.25"]
[Round "5.67"]
[White "Moldenhauer, Lennart"]
[Black "Derr, Oleg"]
[Result "1-0"]
[WhiteElo "1569"]
[BlackElo "1808"]
[PlyCount "135"]
[EventDate "2023.??.??"]
[WhiteTeam "SV Oberursel"]
[BlackTeam "VSG 1880 Offenbach"]

1. e4 c5 2. a3 e6 3. b4 Nf6 4. bxc5 Nxe4 5. d4 Qf6 6. Nf3 Bxc5 7. c3 Bb6 8. Bd3 d5 9. Qe2 h6 10. Bxe4 dxe4 11. Qxe4 Bd7 12. Ne5 Bc6 13. Nxc6 Nxc6 14. O-O O-O 15. Nd2 e5 16. d5 Ne7 17. Nc4 Ng6 18. Nxb6 Qxb6 19. h4 f5 20. Qe2 Rfe8 21. Be3 Qd6 22. c4 f4 23. Bd2 Nxh4 24. Qg4 Qf6 25. c5 Red8 26. d6 b6 27. d7 h5 28. Qh3 g5 29. Qb3+ Kg7 30. Qd5 Ng6 31. Bc3 Ne7 32. Qxe5 Qxe5 33. Bxe5+ Kf7 34. Rad1 bxc5 35. Bc7 Ng8 36. Bxd8 Rxd8 37. Rfe1 Nf6 38. Re5 Rxd7 39. Rxd7+ Nxd7 40. Rxg5 Ke6 41. Rxh5 c4 42. Kf1 Ne5 43. Ke2 Kd5 44. Kd2 Kd4 45. Rxe5 Kxe5 46. Kc3 Kd5 47. a4 a5 48. g4 f3 49. g5 Ke5 50. g6 Kf6 51. g7 Kxg7 52. Kxc4 Kf6 53. Kd4 Kg5 54. Ke3 Kg4 55. Ke4 Kg5 56. Kxf3 Kf5 57. Ke3 Ke5 58. Kd3 Kd5 59. Kc3 Kc5 60. Kd3 Kb4 61. f4 Kxa4 62. Kc4 Ka3 63. Kc3 Ka2 64. f5 a4 65. f6 a3 66. f7 Kb1 67. f8=Q a2 68. Qf1# 1-0

[Event "Sparkassen-Open A"]
[Site "Heusenstamm, Martinsee"]
[Date "2023.11.25"]
[Round "5.68"]
[White "Wachsmann, Elmar"]
[Black "Spelleken, Mark"]
[Result "1/2-1/2"]
[WhiteElo "1908"]
[BlackElo "1544"]
[PlyCount "58"]
[EventDate "2023.??.??"]
[WhiteTeam "SC Groß-Umstadt"]
[BlackTeam "SC Somborn 1933"]

1. d4 d5 2. c4 e6 3. Nc3 Nf6 4. cxd5 exd5 5. Bg5 Bb4 6. e3 Be6 7. Bd3 Nbd7 8. Nge2 c6 9. O-O O-O 10. Nf4 Qc7 11. Nxe6 fxe6 12. Bf4 e5 13. Bg3 Bd6 14. Rc1 a6 15. Qb3 Kh8 16. e4 Qb8 17. exd5 exd4 18. Ne2 Bxg3 19. hxg3 c5 20. a4 b6 21. Nf4 Qd6 22. Rfe1 Ne5 23. Rxe5 Qxe5 24. Qxb6 Nd7 25. Qb7 Qd6 26. Qb3 Rfb8 27. Qc2 g6 28. Be4 Rc8 29. Qd2 Ra7 1/2-1/2